Städte mit "U" - Statistiken

Allgemein
  • Dieses Quiz wurde 52 mal gespielt
  • Das Durchschnittsergebnis liegt bei 6 aus 30
Antwortstatistiken
Land
Stadt % Korrekt
Deutschland 🇩🇪 Ulm
91%
Niederlande 🇳🇱 Utrecht
77%
Schweden 🇸🇪 Uppsala
70%
Italien 🇮🇹 Udine
63%
Mongolei 🇲🇳 Ulan Bator
53%
Deutschland 🇩🇪 Unna
49%
Russland 🇷🇺 Ufa
37%
Deutschland 🇩🇪 Uelzen
35%
Schweden 🇸🇪 Umea
26%
Deutschland 🇩🇪 Überlingen
23%
Deutschland 🇩🇪 Usedom - Stadt
16%
Deutschland 🇩🇪 Uetersen
9%
Deutschland 🇩🇪 Uslar
7%
Deutschland 🇩🇪 Unkel
5%
Deutschland 🇩🇪 Unterschleißheim
5%
Schweiz 🇨🇭 Uster
5%
Deutschland 🇩🇪 Ueckermünde
2%
Belgien 🇧🇪 Ukkel
2%
Russland 🇷🇺 Uljanowsk
2%
Brasilien 🇧🇷 Uberaba
0%
Indien 🇮🇳 Ujjain
0%
Türkei 🇹🇷 Uludere
0%
Türkei 🇹🇷 Umurlu
0%
Indonesien 🇮🇩 Ungaran
0%
Türkei 🇹🇷 Ünye
0%
Türkei 🇹🇷 Ürgüp
0%
Türkei 🇹🇷 Urla
0%
Türkei 🇹🇷 Usak
0%
Spanien 🇪🇸 Utrera
0%
Türkei 🇹🇷 Uzunköprü
0%
Keine übereinstimmenden Quizze gefunden
Verteilung der Resultate
Anzahl Personen mit jedem Resultat
Perzentil nach korrekt beantworteten Fragen
Ihre Resultats-Entwicklung
Sie haben dieses Quiz noch nicht gespielt